La expansión ganadera en la campaña de Buenos Aires (1810-1852) (Registro nro. 15977)

Detalles MARC
000 -LEADER
fixed length control field 00362 a2200109 4500
001 - CONTROL NUMBER
control field ART_2782
005 - DATE AND TIME OF LATEST TRANSACTION
control field 20260410161710.0
008 - FIXED-LENGTH DATA ELEMENTS--GENERAL INFORMATION
fixed length control field 260409a
100 1# - MAIN ENTRY--PERSONAL NAME
Personal name Halperin Donghi, Tulio
245 10 - TITLE STATEMENT
Title La expansión ganadera en la campaña de Buenos Aires (1810-1852)
773 0# - HOST ITEM ENTRY
Title Desarrollo económico
Related parts - Vol. 3, Nº 1/2 (abr./sep. 1963)
Record control number REV1174

No hay ítems disponibles.